ROSEN,S BREAST PATHOLOGY / (Record no. 797741)

MARC details
000 -LEADER
fixed length control field 00413pam a2200157 a 4500
020 ## - INTERNATIONAL STANDARD BOOK NUMBER
International Standard Book Number 9780781771375
Terms of availability
041 ## - LANGUAGE CODE
Language code of text/sound track or separate title eng
082 ## - DEWEY DECIMAL CLASSIFICATION NUMBER
Classification number 616.15
Item number HOF/BEN
100 ## - MAIN ENTRY--PERSONAL NAME
Personal name ROSEN, P.P.
245 ## - TITLE STATEMENT
Title ROSEN,S BREAST PATHOLOGY /
Statement of responsibility, etc. NULL.
Medium Textual Documents
250 ## - EDITION STATEMENT
Edition statement 3 ED/
Remainder of edition statement .
260 ## - PUBLICATION, DISTRIBUTION, ETC.
Place of publication, distribution, etc. NULL :
Name of publisher, distributor, etc. WOLTER,S KLUWER, LWW ,
Date of publication, distribution, etc. 2009.
300 ## - PHYSICAL DESCRIPTION
Extent ROSEN : :
Other physical details P ; ;
Dimensions P . +
Accompanying material PB.
650 ## - SUBJECT ADDED ENTRY--TOPICAL TERM
Topical term or geographic name entry element PATHOLOGY
930 ## - EQUIVALENCE OR CROSS-REFERENCE-UNIFORM TITLE HEADING [LOCAL, CANADA]
Uniform title 3207
Holdings
Withdrawn status Lost status Damaged status Not for loan Collection Home library Current library Date acquired Source of acquisition Cost, normal purchase price Total Checkouts Full call number Barcode Date last seen Copy number Price effective from Koha item type
          Medical College & Hospital, Sangli Medical College & Hospital, Sangli 09/01/2009 B.M.S.G.B.PUNE 18008.40   616.15 HOF/BEN MCS-7364 26/07/2023 1 26/07/2023 Book